000 00453nam a2200157 i 4500
001 65880
003 ES-MaACL
005 20230906165508.0
007 t|
008 040122s1924 sp ||||1| cat d
100 1 _aFullana Mira, Luis.
_952998
245 1 0 _aCompendi de la gramática valenciana /
_cLuis Fullana Mira.
260 _aValencia :
_b[s.n.,
_c1924] (
_fRenovación Tipográfica)
300 _a106 p. ;
_c19 cm.
852 _aES-MaACL
_j1736-F-12
999 _c65880
_d65880